Ont-ils déjà joué avec... Zac Efron ? - Statistiques

Statistiques générales
  • Ce quiz a été pris 17 fois
  • Le résultat moyen est 3 sur 10
Answers on the Grid
Answers color-coded by a green-red scale on the quiz's grid according to % correct below.
Justin Timberlake
Zendaya
Paul Rudd
Robert Downey Jr.
Will Ferrell
Léa Seydoux
Kristen Stewart
Kev Adams
Michelle Yeoh
Sandra Bullock
John Cena
Simon Pegg
Chloë Grace Moretz
Michael B. Jordan
Anna Kendrick
Kim Basinger
Emily Ratajkowski
Snoop Dogg
Paul Giamatti
Danny Glover
 
Statistiques - réponses
Réponse % Correct
Zendaya
93%
Anna Kendrick
43%
Chloë Grace Moretz
36%
Emily Ratajkowski
29%
Michael B. Jordan
21%
Paul Giamatti
21%
John Cena
14%
Danny Glover
0%
Kim Basinger
0%
Snoop Dogg
0%
Aucun quiz correspondant
Distribution des résultats
% des personnes avec chaque résultat
Percentile par nombre de réponses
Votre historique - résultats
Vous n’avez pas pris ce quiz